000 00695nam a2200241Ia 4500
003 OSt
005 20220918201605.0
006 a|||||r|||| 00| 0
007 ta
008 220917b |||||||| |||| 00| 0 eng d
024 _a95,004
037 _cTextual
040 _aARTS
_cARTS
_beng
041 _2eng
_aeng
082 _aV1N45-5961, 122J8
110 _aL'Institure royal des reklation s internationes (Bruxelles)
_999660
245 0 _aKLa belgique et les nations unies
260 _c1958
650 _aHISTORY
700 _aL'Institure royal des reklation s internationes (Bruxelles)
_999661
942 _hV1N45-5961, 122J8
_cTEXL
_2CC
999 _c218629
_d218629